000 01214nam a22002417a 4500
005 20100807115529.0
010 _aHIN-90045
020 _c495.00
_a9788178795614
035 _aHN-62391
037 _bDBAD / PUB
082 _a617.102 7
100 _aशिन्दे, बी.एस.
_98344
245 _aखेल चिकित्सा तथा पुनर्वासन /
_cबी.एस. शिन्दे
246 _aKhel Chikitsa Tatha Punarvasan
_bby B.S. Shindey
260 _aनई दिल्ली
_bस्पोर्टस पब्लिकेशन्स
_c2010
270 _a7/26, ग्राउण्ड फ्लोर, अंसारी रोड़, दरियागंज
_bनई दिल्ली
_k011-65749511, 9868028838
_mlakshaythani@hotmail.com
_e110002
_l011-23240261
300 _a222पृ
_c22सेमी (सजिल्द)
700 _97228
700 _97267
700 _97698
942 _adpl
_cHN
_k
_2ddc
_mशिन्देबी
_h617.102 7
999 _c40004
_d40004